The process of parenting

Guardado en:
Detalles Bibliográficos
Autor principal: Brooks, Jane B
Formato: Libro
Lenguaje:Vietnamese
Publicado: McGraw-Hill 2004
Etiquetas: Agregar Etiqueta
Sin Etiquetas, Sea el primero en etiquetar este registro!
Thư viện lưu trữ: Mạng thư viện Đại học Đà Nẵng
LEADER 00602nam a2200253 4500
001 000022737
003 19186
005 20150514140546.0
008 150514s2004 viesd
020 |c 00 
041 0 |a vie 
082 1 4 |a 649,1  |b BR-J 
100 1 |a Brooks, Jane B 
245 1 0 |a The process of parenting  |c Jane B. Brooks 
260 |b McGraw-Hill  |c 2004 
300 |a tr.  |c cm. 
OWN |a LSP 
999 |a From the UDN01 
TYP |a Monograph 
TYP |a Printed language 
980 |a Mạng thư viện Đại học Đà Nẵng